00274nam a22001217a 4500008004100000041000800041080000800049100000700057101000800064245005100072942001200123999001700135180911b xxu||||| |||| 00| 0 eng d aeng a510 a37 aMAT aIntroductory Numerical AnalysiscPettorezzo 2udccBK c47647d47647